AKAL BUDI ADIKARYA : (Record no. 176709)
[ view plain ]
| 000 -LEADER | |
|---|---|
| fixed length control field | 01233nam a22003611i 4500 |
| 001 - CONTROL NUMBER | |
| control field | vtls000872246 |
| 003 - CONTROL NUMBER IDENTIFIER | |
| control field | PNM |
| 005 - DATE AND TIME OF LATEST TRANSACTION | |
| control field | 20200305152100.0 |
| 008 - FIXED-LENGTH DATA ELEMENTS--GENERAL INFORMATION | |
| fixed length control field | 190303t20202020my e a001 0 may |
| 015 ## - NATIONAL BIBLIOGRAPHY NUMBER | |
| National bibliography number | M191-03995 |
| 020 ## - INTERNATIONAL STANDARD BOOK NUMBER | |
| International Standard Book Number | 9789674614010 |
| Qualifying information | paperback |
| Terms of availability | RM35.00 |
| 039 #9 - LEVEL OF BIBLIOGRAPHIC CONTROL AND CODING DETAIL [OBSOLETE] | |
| Level of rules in bibliographic description | 202001131633 |
| Level of effort used to assign nonsubject heading access points | mawarny |
| Level of effort used to assign subject headings | 201912231655 |
| Level of effort used to assign classification | hema |
| Level of effort used to assign subject headings | 201903051630 |
| Level of effort used to assign classification | zuraidah_s |
| 040 ## - CATALOGING SOURCE | |
| Original cataloging agency | BNM |
| Language of cataloging | eng |
| Transcribing agency | BNM |
| Description conventions | rda |
| Modifying agency | PPAK |
| 049 ## - LOCAL HOLDINGS (OCLC) | |
| Holding library | mal |
| 082 04 - DEWEY DECIMAL CLASSIFICATION NUMBER | |
| Classification number | 899.2309 |
| Edition number | 23 |
| 090 00 - LOCALLY ASSIGNED LC-TYPE CALL NUMBER (OCLC); LOCAL CALL NUMBER (RLIN) | |
| Classification number (OCLC) (R) ; Classification number, CALL (RLIN) (NR) | 899.2309 |
| Feature heading | MUH |
| Feature heading | G |
| 100 0# - MAIN ENTRY--PERSONAL NAME | |
| Personal name | Muhammad Salleh, |
| Titles and words associated with a name | Prof. Ameritus, Dr., |
| Dates associated with a name | 1942- |
| 245 10 - TITLE STATEMENT | |
| Title | AKAL BUDI ADIKARYA : |
| Remainder of title | Sulalat al-Salatin / |
| Statement of responsibility, etc. | MUHAMMAD HAJI SALLEH ; Editor Naskah: Rosziana Radli |
| 264 #1 - PRODUCTION, PUBLICATION, DISTRIBUTION, MANUFACTURE, AND COPYRIGHT NOTICE | |
| Place of production, publication, distribution, manufacture | Pulau Pinang : |
| Name of producer, publisher, distributor, manufacturer | Penerbit Universiti Sains Malaysia, |
| Date of production, publication, distribution, manufacture, or copyright notice | 2019 |
| Date of production, publication, distribution, manufacture, or copyright notice | ©2020 |
| 300 ## - PHYSICAL DESCRIPTION | |
| Extent | ix, 221 pages ; |
| Dimensions | 24 cm |
| 336 ## - CONTENT TYPE | |
| Content type term | text |
| Source | rdacontent |
| 337 ## - MEDIA TYPE | |
| Media type term | unmediated |
| Source | rdamedia |
| 338 ## - CARRIER TYPE | |
| Carrier type term | volume |
| Source | rdacarrier |
| 500 ## - GENERAL NOTE | |
| General note | Includes index. |
| 504 ## - BIBLIOGRAPHY, ETC. NOTE | |
| Bibliography, etc. note | Bibliography: pages 211-216 |
| 630 00 - SUBJECT ADDED ENTRY--UNIFORM TITLE | |
| Uniform title | Sulalat-us-Salatin |
| General subdivision | Critism, Textual |
| 650 10 - SUBJECT ADDED ENTRY--TOPICAL TERM | |
| Topical term or geographic name entry element | Malay literature |
| General subdivision | History and criticism |
| Topical term or geographic name entry element | Malay literature |
| General subdivision | Criticism, Textual |
| Topical term or geographic name entry element | Government publications |
| Geographic subdivision | Malaysia |
| 700 0# - ADDED ENTRY--PERSONAL NAME | |
| Personal name | Rosziana Radli, |
| Relator term | editor. |
| 942 ## - ADDED ENTRY ELEMENTS (KOHA) | |
| Source of classification or shelving scheme | Dewey Decimal Classification |
| Koha item type | Book |
| Withdrawn | Not for loan | Current library | Shelving location | Date acquired | Total Checkouts | Total Renewals | Full call number | Barcode | Date last seen | Date last checked out | Koha item type |
|---|---|---|---|---|---|---|---|---|---|---|---|
| Perpustakaan Alor Setar | Pinjaman Dewasa | 16/03/2020 | 3 | 1 | 899.2309 MUH | A01637191 | 13/12/2021 | 24/10/2021 | Book | ||
| Perpustakaan Awam Sungai Petani | Pinjaman Dewasa | 16/03/2020 | 2 | 1 | 899.2309 MUH | A01637192 | 29/10/2022 | 16/10/2022 | Book | ||
| Perpustakaan Baling | Pinjaman Dewasa | 16/03/2020 | 899.2309 MUH | A01637196 | 16/03/2020 | Book | |||||
| Perpustakaan Bandar Baharu | Pinjaman Dewasa | 16/03/2020 | 899.2309 MUH | A01637197 | 16/03/2020 | Book | |||||
| Perpustakaan Jitra | Pinjaman Dewasa | 16/03/2020 | 899.2309 MUH | A01637193 | 16/03/2020 | Book | |||||
| Perpustakaan Kulim | Pinjaman Dewasa | 16/03/2020 | 4 | 2 | 899.2309 MUH | A01637194 | 12/02/2024 | 31/12/2023 | Book | ||
| Perpustakaan Langkawi | Pinjaman Dewasa | 16/03/2020 | 899.2309 MUH | A01637195 | 16/03/2020 | Book | |||||
| Perpustakaan Merbok | Pinjaman Dewasa | 16/03/2020 | 899.2309 MUH | A01637198 | 16/03/2020 | Book | |||||
| Perpustakaan Sik | Pinjaman Dewasa | 16/03/2020 | 899.2309 MUH | A01637200 | 16/03/2020 | Book | |||||
| Perpustakaan Yan | Pinjaman Dewasa | 16/03/2020 | 899.2309 MUH | A01637199 | 16/03/2020 | Book |